01375nam a2200361 i 4500003000900000005001700009008004100026020001800067020001500085040004300100082001700143100004000160245020900200250002000409250002100429264004900450264001000499300005600509336002600565337002800591338002700619500002100646650002200667651001000689653003100699655001700730700003100747700002800778700002900806942001200835999001700847952014900864EG-ScBUE20240930103301.0150622t2015 enka f 001 0 eng d a9781292062327 a1292062320 aEG-ScBUEbengerdacEG-ScBUEdEG-ScBUE04a515bBRI2221 aBriggs, William L.,eauthor.93824810aCalculus / cWilliam Briggs, University of Colorado, Denver, Lyle Cochran, Whitworth University Bernard Gillett, University of Colorado, Boulder ; assistance of Eric Schulz, Walla Walla Community College. aSecond edition. aGlobal ed.ition. 1aHarlow :bPearson Education Limited,c[2015] 4cc2015 a1305 pages : billustrations (some color) ; c28 cm 2rdacontentatextbtxt 2rdamediaaunmediatedbn 2rdacarrieravolumebnc aIncludes index.  7aCalculus. 2BUEsh 2BUEsh bBUSECOcJune2015cJuly2015 vReading book1 aGillett, Bernard,eauthor.1 aCochran, Lyle,eauthor.1 aSchulz, Eric, eeditor.  2ddccBB c19820d19792 00102ddc40708AlahramaMAINbMAINc1STd2015-06-22epurchaseg295.00h335l1o515 BRIp000038906r2025-07-15 00:00:00s2015-11-14v368.75yBB